Fenómenos cometarios (Record no. 41521)

MARC details
000 -LEADER
campo de control de longitud fija 00471nam a2200157 i 4500
001 - NÚMERO DE CONTROL
campo de control 41521
003 - IDENTIFICADOR DE NÚMERO DE CONTROL
campo de control ES-MaACL
005 - FECHA Y HORA DE LA ÚLTIMA TRANSACCIÓN
campo de control 20230906160439.0
007 - CAMPO FIJO DE DESCRIPCIÓN FÍSICA--INFORMACIÓN GENERAL
campo de control de longitud fija t|
008 - DATOS DE LONGITUD FIJA--INFORMACIÓN GENERAL
campo de control de longitud fija 030311s1933 cu |||| | spa d
100 1# - ENTRADA PRINCIPAL--NOMBRE DE PERSONA
Nombre de persona Carballo, Luis J. de.
9 (RLIN) 35004
245 10 - MENCIÓN DEL TÍTULO
Título Fenómenos cometarios
Resto del título : memoria presentada a la Sociedad Astronómica de Francia /
Mención de responsabilidad, etc. Luis J. de Carballo.
260 ## - PUBLICACIÓN, DISTRIBUCIÓN, ETC.
Lugar de publicación, distribución, etc. Habana :
Nombre del editor, distribuidor, etc. [s.n.,
Fecha de publicación, distribución, etc. 1933]
650 04 - PUNTO DE ACCESO ADICIONAL DE MATERIA--TÉRMINO DE MATERIA
Término de materia o nombre geográfico como elemento de entrada Cometas.
9 (RLIN) 11171
852 ## - LOCALIZACIÓN
Ubicación ES-MaACL
Número de control de estantería T-1361-F-8
Holdings
Estatus retirado Estado de pérdida Estado de daño No para préstamo Colección Biblioteca de origen Biblioteca actual Ubicación en estantería Fecha de adquisición Fuente de adquisición Total de préstamos Signatura topográfica completa Código de barras Visto por última vez Precio de reemplazo Tipo de ítem Koha
        Colección de folletos Biblioteca del Ateneo de Madrid Biblioteca del Ateneo de Madrid Depósito folletos 17/01/2008     T-1361-F-8 1043710 23/02/2023 23/02/2023 Folleto